[Event "Portoroz/Ljubljana"]
[Site "Ljubljana"]
[Date "1985.??.??"]
[Round "1"]
[White "Barle, Janez"]
[Black "Gligoric, Svetozar"]
[Result "1/2-1/2"]
[WhiteElo "2430"]
[BlackElo "2520"]

1.e4 e5 2.Nf3 Nc6 3.Bb5 a6 4.Ba4 Nf6 5.O-O Be7 6.Re1 b5 7.Bb3 d6 8.c3 O-O
9.d4 Bg4 10.Be3 Na5 11.dxe5 Bxf3 12.Qxf3 dxe5 13.Bc2 Nc4 14.Bc1 c5 15.b3 Nb6
16.Nd2 Nfd7 17.Nf1 c4 18.Ne3 g6 19.bxc4 bxc4 20.Rd1 Qc7 21.a4 a5 22.Rb1 Nc5
23.Ba3 Rad8 24.Rb5 Ncxa4 25.Bxe7 Qxe7 26.Bxa4 Nxa4 27.Nd5 Qg5 28.h4 Qxh4
29.Ra1 Rb8 30.g3 Qg5 31.Nf6+ Kg7 32.Nxh7 Qe7 33.Rxa5 Kxh7 34.R5xa4  1/2-1/2

[Event "Portoroz/Ljubljana"]
[Site "Ljubljana"]
[Date "1985.??.??"]
[Round "1"]
[White "Cigan, Stefan"]
[Black "Smyslov, Vassily"]
[Result "1/2-1/2"]
[WhiteElo "2280"]
[BlackElo "2600"]

1.e4 e5 2.Nf3 d6 3.Bc4 Be7 4.d4 exd4 5.Nxd4 Nf6 6.Nc3 O-O 7.O-O Nc6 8.h3 Na5
9.Bd3 c5 10.Nf3 b6 11.Re1 Bb7 12.Nd5 c4 13.Bf1 Nxd5 14.exd5 Bf6 15.Rb1 Rc8
16.b4 cxb3 17.axb3 Bc3 18.Re3 Re8 19.Rxe8+ Qxe8 20.Qd3 Bf6 21.c4  1/2-1/2

[Event "Portoroz/Ljubljana"]
[Site "Ljubljana"]
[Date "1985.??.??"]
[Round "2"]
[White "Gligoric, Svetozar"]
[Black "Popovic, Petar"]
[Result "1/2-1/2"]
[WhiteElo "2520"]
[BlackElo "2540"]

1.d4 Nf6 2.c4 e6 3.Nf3 b6 4.Nc3 Bb4 5.e3 Bb7 6.Bd3 O-O 7.O-O Re8 8.Re1 d5
9.a3 Bxc3 10.bxc3 dxc4 11.Bxc4 Nbd7 12.Bb2 c5 13.Bd3 e5 14.Nxe5 Nxe5 15.dxe5 Qd5
16.f3 Qxe5 17.Qc2 Qg5 18.e4 Rad8 19.Rad1 Nh5 20.Bc1 Qe5 21.Bc4 h6 22.Qb3 Qc7
23.Rxd8 Rxd8 24.e5 Qe7 25.Qa2 Nf6 26.Qf2 Nd5 27.Qg3 Kh8 28.f4 Qd7 29.Bb3 c4
30.Bc2 Ne7 31.h3 Qe6 32.Qh4 Rd7 33.Qh5 f5 34.Kh2 Kh7 35.Qe2 g6 36.Rg1 Rd8
37.a4 a6 38.Ba3 Nd5 39.Qd2 Rd7 40.Bd6 Nf6 41.Rb1 Qd5 42.Qe2 Nh5 43.Rf1 Ng7
44.Rd1 Qc6 45.Rg1 Qd5 46.Rd1 Qc6 47.Rg1  1/2-1/2

[Event "Portoroz/Ljubljana"]
[Site "Ljubljana"]
[Date "1985.??.??"]
[Round "2"]
[White "Parma, Bruno"]
[Black "Smyslov, Vassily"]
[Result "1/2-1/2"]
[WhiteElo "2490"]
[BlackElo "2600"]

1.e4 e5 2.Nf3 Nc6 3.Bb5 g6 4.c3 a6 5.Ba4 d6 6.d4 Bd7 7.O-O Bg7 8.dxe5 dxe5
9.Be3 Nge7 10.b4 O-O 11.Bb3 Qe8 12.Qc1 Nc8 13.Re1 Nd6 14.Nbd2 Be6 15.Qc2  1/2-1/2

[Event "Portoroz/Ljubljana"]
[Site "Ljubljana"]
[Date "1985.??.??"]
[Round "4"]
[White "Gligoric, Svetozar"]
[Black "Cigan, Stefan"]
[Result "1/2-1/2"]
[WhiteElo "2520"]
[BlackElo "2280"]

1.d4 Nf6 2.c4 g6 3.Nc3 Bg7 4.e4 d6 5.f3 O-O 6.Be3 Nc6 7.Nge2 a6 8.Qd2 Rb8
9.h4 h5 10.Bh6 Bxh6 11.Qxh6 e5 12.O-O-O exd4 13.Nxd4 Nxd4 14.Rxd4 Qe7 15.g4 Qe5
16.Rd2 Be6 17.f4 Qc5 18.gxh5 Qxh5 19.Qg5 Qxg5 20.hxg5 Ng4 21.Bd3 f5 22.gxf6 Rxf6
23.f5 Bf7 24.Rg2 Ne5 25.Bc2 c6 26.Ne2 Re8 27.Nf4 Kf8 28.b3 b5 29.cxb5 axb5
30.a4 bxa4 31.bxa4 d5 32.exd5 gxf5 33.Re2 cxd5 34.Rh8+ Bg8 35.Kd1 Kg7 36.Rh3 Ra6
37.Rhe3 Kf6 38.Nh5+ Kg5 39.Rg3+ Ng4 40.Rxe8 Bf7 41.Ng7 Bxe8 42.Nxe8 f4 43.Rg1 f3
44.Kd2 f2 45.Rf1 Kh4 46.Nc7 Rc6 47.Nxd5 Rd6 48.Bb3 Kg3 49.Kc3 Nh2 50.Rxf2  1/2-1/2

[Event "Portoroz/Ljubljana"]
[Site "Ljubljana"]
[Date "1985.??.??"]
[Round "4"]
[White "Portisch, Lajos"]
[Black "Popovic, Petar"]
[Result "0-1"]
[WhiteElo "2635"]
[BlackElo "2540"]

1.d4 Nf6 2.c4 e6 3.Nf3 b6 4.Nc3 Bb4 5.Qc2 Bb7 6.Bg5 h6 7.Bh4 g5 8.Bg3 Ne4
9.e3 Bxc3+ 10.bxc3 d6 11.Bd3 Nxg3 12.fxg3 Nd7 13.O-O Qe7 14.Be4 Bxe4 15.Qxe4 O-O
16.Nd2 c5 17.g4 Rac8 18.Rf2 Kg7 19.Raf1 Rce8 20.Qb7 Nb8 21.Qf3 f5 22.Qg3 Nd7
23.Kh1 fxg4 24.Qxg4 Rxf2 25.Rxf2 Rf8 26.Rxf8 Kxf8 27.Kg1 Nf6 28.Qf3 Kg7 29.e4 cxd4
30.cxd4 e5 31.Qd3 exd4 32.Qxd4 Kf7 33.Kf1 Qe6 34.Ke2 Qg4+ 35.Kd3 Qxg2 36.e5 Qh3+
37.Kc2 Qf5+ 38.Kb3 dxe5  0-1

[Event "Portoroz/Ljubljana"]
[Site "Ljubljana"]
[Date "1985.??.??"]
[Round "7"]
[White "Popovic, Petar"]
[Black "Parma, Bruno"]
[Result "1/2-1/2"]
[WhiteElo "2540"]
[BlackElo "2490"]

1.e4 c5 2.Nf3 d6 3.d4 cxd4 4.Nxd4 Nf6 5.Nc3 g6 6.g3 Nc6 7.Bg2 Nxd4 8.Qxd4 Bg7
9.O-O O-O 10.Qb4 Qc7 11.Qb3 Be6 12.Nd5 Nxd5 13.exd5 Bf5 14.c3 Rab8 15.a4 b5
16.axb5 Bd3 17.Rd1 Bxb5 18.Qa3 Rb7 19.Be3 Rfb8  1/2-1/2

[Event "Portoroz/Ljubljana"]
[Site "Ljubljana"]
[Date "1985.??.??"]
[Round "8"]
[White "Barle, Janez"]
[Black "Cigan, Stefan"]
[Result "1/2-1/2"]
[WhiteElo "2430"]
[BlackElo "2280"]

1.g3 g6 2.Bg2 c5 3.Nf3 Bg7 4.d4 cxd4 5.Nxd4 Nc6 6.Nb3 Nf6 7.O-O O-O 8.Nc3 d6
9.h3 Be6 10.e4 a5 11.a4 Bc4 12.Re1 Rc8 13.Bg5 h6 14.Be3 Nb4 15.Rc1 Qc7 16.Nd4 d5
17.b3 e5 18.Ndb5 Bxb5 19.Nxb5 Qd7 20.exd5 Nbxd5 21.Bd2 b6 22.Rxe5 Rfd8 23.Qe1 Nb4
24.Bxb4 axb4 25.Qxb4 Rxc2 26.Rxc2 Qd1+ 27.Re1 Qxc2 28.Na3 Qa2 29.Qxb6 Rd3
30.Nc4 Rxb3 31.Qd8+ Kh7 32.a5 Rb4 33.Ne5 Rb2 34.Rf1 Ne4 35.Nxg6 Nxg3 36.Ne7 h5
37.Be4+ Nxe4 38.Qg8+ Kh6 39.Nf5+ Kg6 40.Nxg7 Rxf2 41.Ne8+ Kf5 42.Nd6+ Ke5
43.Nxf7+ Kf6 44.Qg2 Rxf1+ 45.Qxf1+ Ke7 46.Nh6 Qxa5 47.Qf7+ Kd8 48.Qg8+ Kd7
49.Qh7+ Kc8 50.Qxe4 Qb6+ 51.Kg2 Qxh6 52.Qd5 Kc7 53.Qa5+ Kd7 54.Kg3 Qg6+ 55.Kh4 Ke7
56.Qc7+ Kf6  1/2-1/2

[Event "Portoroz/Ljubljana"]
[Site "Ljubljana"]
[Date "1985.??.??"]
[Round "8"]
[White "Parma, Bruno"]
[Black "Gligoric, Svetozar"]
[Result "1/2-1/2"]
[WhiteElo "2490"]
[BlackElo "2520"]

1.e4 e5 2.Nf3 Nc6 3.Bb5 a6 4.Ba4 Nf6 5.O-O Be7 6.Re1 b5 7.Bb3 d6 8.a4 Bd7
9.c3 Na5 10.Bc2 c5 11.d4 Nc6 12.dxe5 dxe5 13.Nbd2 Be6 14.Nf1 O-O 15.Bg5 Qxd1
16.Raxd1 Rfd8 17.Ne3  1/2-1/2

[Event "Portoroz/Ljubljana"]
[Site "Ljubljana"]
[Date "1985.??.??"]
[Round "8"]
[White "Popovic, Petar"]
[Black "Karlsson, Lars"]
[Result "1/2-1/2"]
[WhiteElo "2540"]
[BlackElo "2550"]

1.e4 c5 2.Nf3 d6 3.d4 cxd4 4.Nxd4 Nf6 5.Nc3 g6 6.Bc4 Bg7 7.h3 O-O 8.Bb3 a6
9.O-O Nc6 10.Be3 Bd7 11.Re1 Rc8 12.Qd2 b5 13.Nxc6 Bxc6 14.Bh6 Bxh6 15.Qxh6 b4
16.Nd5 e6 17.Nxf6+ Qxf6 18.Qd2 Qxb2 19.Qxb4 Qe5 20.Rad1 Rfd8 21.Rd4  1/2-1/2

[Event "Portoroz/Ljubljana"]
[Site "Ljubljana"]
[Date "1985.??.??"]
[Round "9"]
[White "Karlsson, Lars"]
[Black "Parma, Bruno"]
[Result "1/2-1/2"]
[WhiteElo "2550"]
[BlackElo "2490"]

1.Nf3 c5 2.g3 g6 3.Bg2 Bg7 4.O-O Nc6 5.c4 e6 6.Nc3 Nge7 7.d3 O-O 8.Ne4 d6
9.Bf4 e5 10.Bg5 f6 11.Bd2 h6 12.Ne1 Be6 13.Nc2 f5 14.Nc3 d5 15.cxd5 Nxd5
16.Rb1 Kh7 17.a3 Rc8 18.b4 cxb4 19.Nxd5 Bxd5 20.Bxd5 Qxd5 21.Nxb4 Nxb4 22.Rxb4 b6
23.Qb1 Rc6 24.a4 Rfc8 25.Rb5 Qd7 26.Rc1 Rxc1+ 27.Bxc1 e4 28.Be3 exd3 29.Qxd3 Qxd3
30.exd3 Rd8  1/2-1/2

[Event "Portoroz/Ljubljana"]
[Site "Ljubljana"]
[Date "1985.??.??"]
[Round "9"]
[White "Smyslov, Vassily"]
[Black "Barle, Janez"]
[Result "0-1"]
[WhiteElo "2600"]
[BlackElo "2430"]

1.d4 d5 2.c4 e6 3.Nf3 c5 4.cxd5 exd5 5.Bg5 Be7 6.Bxe7 Qxe7 7.dxc5 Nf6 8.e3 Qxc5
9.Nbd2 Nc6 10.Rc1 Qa5 11.a3 O-O 12.Be2 Bg4 13.O-O Rad8 14.Nb3 Qb6 15.Nfd4 Bd7
16.Qd3 Ne5 17.Qc3 Rc8 18.Nc5 Ne4 19.Nxd7 Nxd7 20.Qxc8 Rxc8 21.Rxc8+ Nf8 22.b4 g6
23.Rd1 a5 24.b5 Qd6 25.f3 Nc5 26.Nc2 b6 27.e4 Qe6 28.Rc6 Qe5 29.Rxd5 Qb2
30.Bd1 Qxb5 31.Rc8 Kg7 32.Ne3 Qb2 33.a4 Nfe6 34.h4 Qc1 35.Nf1 Qa1 36.Rd2 Nxa4
37.Bb3 Nac5 38.Bd5 a4 39.Ra8 b5 40.Rb8 Nd4 41.Rc8 Nce6 42.Rb8 Qc3 43.Rb7 Qc5
44.Kh1 a3 45.Rd1 h5 46.Ng3 b4 47.Rb1 Nc7 48.Ba2 Ndb5 49.Bb3 Qc3 50.Kh2 Nd4
51.Ba2 Qc2 52.R1xb4 Nxf3+ 53.Kh3 Ne1  0-1

[Event "Portoroz/Ljubljana"]
[Site "Ljubljana"]
[Date "1985.??.??"]
[Round "10"]
[White "Karlsson, Lars"]
[Black "Cigan, Stefan"]
[Result "1/2-1/2"]
[WhiteElo "2550"]
[BlackElo "2280"]

1.d4 Nf6 2.Bf4 c5 3.d5 Qb6 4.Nc3 e6 5.e4 Nxe4 6.Nb5 d6 7.Qd3 Nxf2 8.Kxf2 c4+
9.Qd4 Qxb5 10.Bxc4 Qc5 11.Qxc5 dxc5 12.Nf3 Be7 13.Rhe1 O-O 14.Rad1 Bf6 15.Bd6 Rd8
16.Bxc5 Na6 17.Bd4 Nc7 18.Bxf6 gxf6 19.Bb3 exd5 20.Re7 Rd7 21.Re3 Rd6 22.Nd4 Be6
23.Rf3 Kg7 24.Rf4 Re8 25.Rd3 Bd7 26.c3 Re5 27.Nf3 Rf5 28.Rb4 Na6 29.Rbd4 Nc5
30.Rd1 Nxb3 31.axb3 Rb6 32.b4 Be6 33.g4 Re5 34.Nxe5 fxe5 35.R4d2 Kf6 36.Kg3 Rc6
37.Re1 Rc4 38.h3 d4 39.cxd4 exd4 40.Re4 Rxb4 41.Rexd4 Rb3+ 42.R4d3 Rb4 43.Ra3 a6
44.Ra5 h6 45.Rc5 b6  1/2-1/2

[Event "Portoroz/Ljubljana"]
[Site "Ljubljana"]
[Date "1985.??.??"]
[Round "10"]
[White "Popovic, Petar"]
[Black "Smyslov, Vassily"]
[Result "1-0"]
[WhiteElo "2540"]
[BlackElo "2600"]

1.e4 e5 2.Nf3 Nc6 3.Bb5 a6 4.Ba4 Nf6 5.O-O Be7 6.Re1 b5 7.Bb3 d6 8.c3 O-O
9.h3 Na5 10.Bc2 c5 11.d4 Qc7 12.Nbd2 cxd4 13.cxd4 Bd7 14.Nf1 Rac8 15.Ne3 Rfe8
16.b3 exd4 17.Nxd4 Nc6 18.Bb2 Nxd4 19.Bxd4 Qb7 20.Qd3 g6 21.Rad1 Rc6 22.Ba1 Qa7
23.Bb1 Bd8 24.Nd5 Nxd5 25.exd5 Rc8 26.Qd2 Be7 27.Qb2 f6 28.Rxe7 Rxe7 29.Qxf6 Re5
30.Qxd6  1-0

[Event "Portoroz/Ljubljana"]
[Site "Ljubljana"]
[Date "1985.??.??"]
[Round "10"]
[White "Portisch, Lajos"]
[Black "Gligoric, Svetozar"]
[Result "1/2-1/2"]
[WhiteElo "2635"]
[BlackElo "2520"]

1.d4 Nf6 2.c4 e6 3.Nf3 b6 4.g3 Bb7 5.Bg2 Be7 6.Nc3 O-O 7.Qc2 d5 8.cxd5 exd5
9.O-O Na6 10.Ne5 c5 11.Be3 Qc8 12.Rac1 Qe6 13.Rfd1 Rfd8 14.Qb1  1/2-1/2

[Event "Portoroz/Ljubljana"]
[Site "Ljubljana"]
[Date "1985.??.??"]
[Round "11"]
[White "Cigan, Stefan"]
[Black "Parma, Bruno"]
[Result "1/2-1/2"]
[WhiteElo "2280"]
[BlackElo "2490"]

1.Nf3 c5 2.b3 Nf6 3.Bb2 e6 4.e3 Be7 5.d4 b6 6.Bd3 Bb7 7.Nbd2 cxd4 8.exd4 O-O
9.O-O d6 10.c4 Re8 11.Rc1 Bf8 12.Re1  1/2-1/2